000 00377nam a2200145Ia 4500
008 230917s9999||||xx |||||||||||||| ||und||
040 _e204417
_aMAIN
041 _aEnglish
082 _a658.3 R454H
100 _aRiley, Pippa
245 0 _aHuman resource development and employee relations
260 _aNew Delhi
_bViva Books
_c2012
300 _avii, 187 p.
942 _cBK
999 _c174354
_d174354